|
|
|
|
| LEADER |
01058nam a2200253 a 4500 |
| 001 |
13836994 |
| 008 |
110427s2006 njua b 001 0 eng d |
| 010 |
|
|
|a 2005042979
|
| 020 |
|
|
|a 8131705862
|
| 020 |
|
|
|a 0131860151
|
| 040 |
|
|
|a DLC
|c DLC
|d C#P
|d BAKER
|d DLC
|d BD-DhAAL
|
| 082 |
0 |
0 |
|a 338.5/024/658
|2 22
|
| 100 |
1 |
|
|a Keat, Paul G.
|
| 245 |
1 |
0 |
|a Managerial economics :
|b economic tools for today's decision makers /
|c Paul G. Keat, Philip K.Y. Young.
|
| 250 |
|
|
|a 5th ed.
|
| 260 |
|
|
|a Upper Saddle River, N.J. :
|b Pearson Prentice Hall ;
|a New Delhi :
|b Dorling Kindersley,
|c c2006 [Reprinted].
|
| 300 |
|
|
|a 593 p. :
|b ill. ;
|c 26 cm.
|
| 504 |
|
|
|a Includes bibliographical references and index.
|
| 541 |
|
|
|e 00022436
|
| 650 |
|
0 |
|a Managerial economics.
|
| 700 |
1 |
|
|a Young, Philip K. Y.
|
| 852 |
4 |
|
|a Ayesha Abed Library
|j General shelf
|
| 999 |
|
|
|c 10777
|d 10777
|
| 952 |
|
|
|0 0
|1 0
|2 ddc
|4 0
|6 338_500000000000000_024_658_KEA
|7 0
|9 16236
|a BRACUL
|b BRACUL
|c GEN
|d 2011-04-28
|e Mullick & Brothers
|g 560.00
|l 1
|m 3
|o 338.5024658 KEA
|p 3010022436
|r 2011-09-12
|s 2011-05-08
|t 1
|w 2011-04-28
|y BK
|